[Event "Dortmund op"]
[Site "Dortmund"]
[Date "2006.03.20"]
[Round "7.31"]
[White "Marienfeld, Udo"]
[Black "Sroka, Andreas"]
[Result "0-1"]
[WhiteElo "1220"]
[BlackElo "1342"]
[PlyCount "46"]
[EventDate "2006.03.06"]
[EventType "swiss"]
[EventRounds "9"]
[EventCountry "GER"]
[SourceTitle "CBM 111 Extra"]
[Source "ChessBase"]
[SourceDate "2006.05.09"]
[SourceVersion "1"]
[SourceVersionDate "2006.05.09"]
[SourceQuality "1"]

1. e4 c5 2. Nf3 e6 3. d4 cxd4 4. Nxd4 Nc6 5. Bc4 Nf6 6. Bg5 Qa5+ 7. Bd2 Qe5 8. Nxc6 Qxe4+ 9. Qe2 Qxg2 10. Rf1 Qxc6 11. Nc3 a6 12. 0-0-0 b5 13. Bd3 Bb7 14. Bf4 Rc8 15. a3 Bxa3 16. Nxb5 Bxb2+ 17. Kxb2 axb5 18. Bxb5 Qc3+ 19. Kc1 Qa1+ 20. Kd2 Qd4+ 21. Ke1 Qxf4 22. Rxd7 Nxd7 23. Qd3 Qe4+ 0-1

[Event "Dortmund FSV op"]
[Site "Dortmund"]
[Date "2006.02.23"]
[Round "5"]
[White "Mueller, Siegfried"]
[Black "Sroka, Andreas"]
[Result "1-0"]
[WhiteElo "1436"]
[BlackElo "1335"]
[PlyCount "89"]
[EventDate "2006.01.19"]
[EventType "swiss"]
[EventRounds "9"]
[EventCountry "GER"]
[SourceTitle "EXT 2007"]
[Source "ChessBase"]
[SourceDate "2006.11.23"]
[SourceVersion "1"]
[SourceVersionDate "2006.11.23"]
[SourceQuality "1"]

1. g3 e5 2. Bg2 d5 3. d3 Be6 4. f4 Nd7 5. Nf3 e4 6. Nd4 exd3 7. exd3 Qf6 8. Nxe6 Qxe6+ 9. Qe2 Qxe2+ 10. Kxe2 c6 11. Re1 0-0-0 12. Kf1 Nh6 13. Bh3 Bc5 14. Be3 Kc7 15. Nd2 Rhe8 16. Bxc5 Nxc5 17. Nf3 f6 18. Nd4 Kd6 19. b4 Na6 20. c3 Nc7 21. a4 g5 22. fxg5 fxg5 23. Rxe8 Rxe8 24. Re1 Rxe1+ 25. Kxe1 g4 26. Bf1 Ne6 27. Nxe6 Kxe6 28. d4 Nf5 29. Kf2 Nd6 30. Ke3 Ne4 31. c4 Nf6 32. Kf4 b6 33. c5 h6 34. cxb6 axb6 35. a5 bxa5 36. bxa5 Kd6 37. a6 Kc7 38. Kf5 Nd7 39. Kxg4 Kb6 40. Kh5 Nb8 41. Kxh6 Nxa6 42. g4 Nc7 43. g5 Ne6 44. g6 Nxd4 45. Bh3 1-0

[Event "Dortmund-ch"]
[Site "Dortmund"]
[Date "2005.03.14"]
[Round "7"]
[White "Sroka, Andreas"]
[Black "Wiemann, Peter"]
[Result "0-1"]
[WhiteElo "1230"]
[BlackElo "1581"]
[PlyCount "72"]
[EventDate "2005.02.28"]
[EventType "swiss"]
[EventRounds "9"]
[EventCountry "GER"]
[SourceTitle "CBM 105 Extra"]
[Source "ChessBase"]
[SourceDate "2005.05.01"]
[SourceVersion "1"]
[SourceVersionDate "2005.05.01"]
[SourceQuality "1"]

1. f4 e5 2. fxe5 d6 3. Nf3 Bg4 4. b3 Bxf3 5. exf3 dxe5 6. Bb2 Nd7 7. d4 Bb4+ 8. Nd2 Qe7 9. dxe5 Nxe5 10. Qe2 Bxd2+ 11. Kxd2 0-0-0+ 12. Ke1 Qb4+ 13. Kf2 Rd2 14. Rd1 Rxe2+ 15. Bxe2 f6 16. Rd4 Qb6 17. Rhd1 Nc6 18. Kf1 Nxd4 19. Bxd4 Qa5 20. f4 Ne7 21. Bc4 Qf5 22. Bxa7 Nc6 23. Be3 Ne5 24. Rd5 Rd8 25. g4 Qxg4 26. Rxd8+ Kxd8 27. fxe5 Qf3+ 28. Bf2 fxe5 29. Be2 Qc3 30. Bd3 h6 31. a4 Qb4 32. Be1 Qf4+ 33. Kg2 e4 34. Be2 Qc1 35. Bf2 Qxc2 36. Bc4 e3 0-1

[Event "Dortmund-ch"]
[Site "Dortmund"]
[Date "2005.03.07"]
[Round "4"]
[White "Hardt, Helmut"]
[Black "Sroka, Andreas"]
[Result "1-0"]
[WhiteElo "1823"]
[BlackElo "1230"]
[PlyCount "37"]
[EventDate "2005.02.28"]
[EventType "swiss"]
[EventRounds "9"]
[EventCountry "GER"]
[SourceTitle "CBM 105 Extra"]
[Source "ChessBase"]
[SourceDate "2005.05.01"]
[SourceVersion "1"]
[SourceVersionDate "2005.05.01"]
[SourceQuality "1"]

1. e4 e5 2. Nf3 d6 3. Bc4 Bg4 4. 0-0 Be7 5. Nc3 Nf6 6. Re1 0-0 7. h3 Bh5 8. d3 c6 9. Bb3 Nbd7 10. Bg5 Nc5 11. g4 Bg6 12. Nh4 Nfxe4 13. Bxe7 Nxc3 14. Nxg6 Nxd1 15. Bxd8 hxg6 16. Be7 Nxb3 17. axb3 Rfe8 18. Bxd6 Rad8 19. Ba3 1-0